| 000 | 00579nam a2200169Ia 4500 | ||
|---|---|---|---|
| 005 | 20251020182610.0 | ||
| 008 | 200515s9999 xx 000 0 und d | ||
| 082 | _aSC/624.110/P77 | ||
| 110 | _aPontificia Universidad Católica del Perú | ||
| 245 | 0 | _aDiseño y construcción en quincha | |
| 260 | _aLima | ||
| 260 | _c199? | ||
| 300 | _a40 | ||
| 520 | _aRecoge la experiencia de realizar construcciones de quincha en el distrito de Villa El Salvador, Labor llevada a cabo como actividad principal del Proyecto Construcciones en Quincha | ||
| 650 | _aQUINCHA | ||
| 942 | _cLIB | ||
| 999 |
_c3316 _d3316 |
||